La pairía hereditaria y la vitalicia (Record no. 154222)

MARC details
000 -LEADER
campo de control de longitud fija 00795nam a2200205 i 4500
001 - NÚMERO DE CONTROL
campo de control 154222
003 - IDENTIFICADOR DE NÚMERO DE CONTROL
campo de control ES-MaACL
005 - FECHA Y HORA DE LA ÚLTIMA TRANSACCIÓN
campo de control 20250902063107.0
008 - DATOS DE LONGITUD FIJA--INFORMACIÓN GENERAL
campo de control de longitud fija 990309s1879 sp |||| | spa d
040 ## - FUENTE DE CATALOGACIÓN
Centro catalogador/agencia de origen CCPB | B
Lengua de catalogación spa
Centro/agencia transcriptor CCPB | B
100 1# - ENTRADA PRINCIPAL--NOMBRE DE PERSONA
Nombre de persona García Barzanallana, José,
Fechas asociadas al nombre 1819-1903
9 (RLIN) 54239
245 13 - MENCIÓN DEL TÍTULO
Título La pairía hereditaria y la vitalicia
Resto del título : la Cámara de los Lores en el Reino Unido /
Mención de responsabilidad, etc. por José G. Barzanallana.
260 ## - PUBLICACIÓN, DISTRIBUCIÓN, ETC.
Lugar de publicación, distribución, etc. Madrid :
Nombre del editor, distribuidor, etc. [s.n.],
Fecha de publicación, distribución, etc. 1879.
300 ## - DESCRIPCIÓN FÍSICA
Extensión 67 p. ;
Dimensiones 17 cm.
500 ## - NOTA GENERAL
Nota general En port.: Publicado en la Revista Europa.
597 ## - NOTA DE DESCRIPCIÓN FÍSICA
NOTA DE DESCRIPCIÓN FÍSICA Antep.
651 #4 - PUNTO DE ACCESO ADICIONAL DE MATERIA--NOMBRE GEOGRÁFICO
Nombre geográfico Parlamentos-
Subdivisión geográfica Gran Bretaña.
9 (RLIN) 222193
852 ## - LOCALIZACIÓN
Ubicación ES-MaACL
Número de control de estantería T-1298-F-4
Nota libre -- Enc. hol., conservando la enc. original
-- -- Enc. en un vol. facticio
-- .- Donat. Bosch
Holdings
Estatus retirado Estado de pérdida Estado de daño No para préstamo Colección Biblioteca de origen Biblioteca actual Ubicación en estantería Fecha de adquisición Fuente de adquisición Total de préstamos Signatura topográfica completa Código de barras Visto por última vez Precio de reemplazo Tipo de ítem Koha
        Colección de folletos Biblioteca del Ateneo de Madrid Biblioteca del Ateneo de Madrid Depósito folletos 17/01/2008     T-1298-F-4 1161264 23/02/2023 23/02/2023 Folleto